000 00967nam a2200229 i 4500
001 151496
003 ES-MaACL
005 20230906204227.0
008 940301s1889 sp d |||| |cspa d
040 _aAS
_bspa
080 _a013(460.182)
080 _a929(460.182)
100 1 _aMartínez Añíbarro y Rives, Manuel.
_977861
245 1 0 _aIntento de un diccionario biográfico y bibliográfico de autores de la provincia de Burgos /
_cescrito por Manuel Martínez Añibarro y Rives.
260 _aMadrid :
_b[s.n.],
_c1889 (
_fImp. y Fundición de Manuel Tello)
300 _a570 p. ;
_c27 cm.
500 _aEn port.: Obra premiada por la Biblioteca Nacional en el concurso público de 1887 e impresa á expensas del Estado.
500 _aÍndice.
650 0 4 _aEscritores españoles-
_zBurgos (Provincia)-
_vBiobibliografías.
_912385
650 4 _aLiteratura española-
_zBurgos (Provincia)
_9155212
852 _aES-MaACL
_jB-3408
_z-- Enc. pasta española
999 _c151496
_d151496